000 00473nam a2200145Ia 4500
008 100204s9999 xx 000 0 und d
082 _b3380
100 _aक्षेत्रमाडे सुमती
245 _aसिंधुदुर्ग
260 _b"कल्पतरु प्रकाशन, अलिबाग"
_c1980
300 _a156
630 _aसिंधुदुर्ग
730 _aसिंधुदुर्ग
942 _cBOOK
999 _c465530
_d465527